| 000 | 00410cam a2200157ua 4500 | ||
|---|---|---|---|
| 003 | OSt | ||
| 008 | 250610b |||||||| |||| 00| 0 eng d | ||
| 041 | _aeng | ||
| 082 |
_a624.1821 _bGRI/DE |
||
| 100 |
_aGrinter, Linten E . _97567 |
||
| 245 | _aDesign of modern steel structures / | ||
| 250 | _a2 / | ||
| 260 |
_aNew Delhi : _bEurasia Publishing house pvt ltd , _c1965. |
||
| 300 | _a491 ; . | ||
| 942 | _cBK | ||
| 999 |
_c10398 _d10398 |
||